000 01225nam a2200337 i 4500
003 EG-GICUC
005 20260221112213.0
008 260117s1992 ua |||fr|||| 00| 0 ara d
017 _a1279/1992
040 _a EG-GICUC
_bara
_c EG-GICUC
_d EG-GICUC
_erda
041 0 _aAra
082 0 4 _221
_a343.75
_bف ر . ن
092 0 4 _221
099 _aLaw1 10 343.75 ف ر . ن 1992
100 0 _aفرج صالح الهريش
_eمؤلف.
245 1 2 _aالنظم العقابية :
_bدراسة تحليلية فى النشأة والتطور /
_cتأليف فرج صالح الهريش.
250 _aالطبعة الأولى
264 1 _aليبيا :
_bالدار الجماهيرية،
_c1992.
300 _a252 صفحة؛
_c24 سم.
336 _2rda content
_atext
337 _2rda media
_aComputer
338 _2rda carrier
_aOnline Resource
504 _a ببليوجرافيا: صفحات237-245.
546 _aالنص باللغة العربية
650 1 _aالمذاهب والمدارس العقابية
_2qrmak
650 1 _aالقانون الجنائى
_2qrmak
651 1 _2qrmak
856 4 0 _uhttps://fll.law.cu.edu.eg/fulltext/bks/B10-07907.pdf
905 _a54
942 _2ddc
_cBK
_e21
_n0
999 _c57358
_d57358